00747nam a2200253 a 4500001001300000003000900013005001700022008004100039020002400080082001600104100002300120245003900143260005000182300000900232500003500241505001800276650001300294650001200307700002300319902000800342942000700350952011900357999001700476nice12345678IN_TiNIC20260116014032.0090811s2009 cama grp 000 0 eng  a9780521677356c113000a230.09bREM aRe Manning, Russel aCambride Companion to Paul Tillich aCambridge bCambridge University Press c2009 a322p aincludes index and biblioraphy2 abiblio, index aTheology aTillich1 aRe Manning, Russel bSRS cBK 001040708StackRoom-aHMIbHMId2012-08-28g1130.00l0o230.09 REMp022882r2012-08-28v1130.00w2009-08-11yBK c13600d13600